000 00557nam a22001937a 4500
003 OSt
005 20160425133326.0
008 160425b xxu||||| |||| 00| 0 eng d
020 _a0520060520
040 _cDDC.
082 _a338.9TOW 1988.
100 _aBates,H.Robert.
_98226
245 _aTowards a Political Economy of Development.
_bA rational Choice Perspective.
260 _aLondon.
_bUniversity of Califonia Press,
_c1988.
300 _a393p;
_bill;
_c24cm.
504 _aincludes index.
650 _aPolitical economy.
_9971
942 _2ddc
_cSLOAN
999 _c3722
_d3722